Copa Mundial de la FIFA 2014 - Estadísticas

Estadísticas generales
  • Esta prueba ha sido intentada 7.954 veces
  • La puntuación promedio es 26 de 32
Estadísticas de respuestas
Grupo Equipo % Correcto
Grupo F Argentina
98%
Grupo A Brasil
98%
Grupo B España
97%
Grupo G Alemania
96%
Grupo D Italia
94%
Grupo B Chile
92%
Grupo E Francia
92%
Grupo C Japón
92%
Grupo A México
92%
Grupo B Países Bajos
92%
Grupo C Colombia
91%
Grupo D Inglaterra
91%
Grupo D Uruguay
91%
Grupo G Estados Unidos
90%
Grupo G Portugal
88%
Grupo B Australia
87%
Grupo H Corea del Sur
82%
Grupo H Bélgica
79%
Grupo D Costa Rica
79%
Grupo A Croacia
79%
Grupo H Rusia
79%
Grupo E Suiza
79%
Grupo F Nigeria
77%
Grupo A Camerún
74%
Grupo C Grecia
69%
Grupo F Irán
67%
Grupo E Ecuador
65%
Grupo G Ghana
65%
Grupo H Argelia
59%
Grupo C Costa de Marfil
56%
Grupo F Bosnia y Herzegovina
55%
Grupo E Honduras
54%
No se encontraron pruebas coincidentes
Distribución de puntuación
Porcentaje de gente con cada puntuación
Porcentaje por número respondido
Historial de tus puntuaciones
No has intentado esta prueba.